¡Viva la imprenta! (Record no. 182186)
[ view plain ]
| 000 -LEADER | |
|---|---|
| campo de control de longitud fija | 01024nam a2200265 i 4500 |
| 001 - NÚMERO DE CONTROL | |
| campo de control | 182186 |
| 003 - IDENTIFICADOR DE NÚMERO DE CONTROL | |
| campo de control | ES-MaACL |
| 005 - FECHA Y HORA DE LA ÚLTIMA TRANSACCIÓN | |
| campo de control | 20240305180124.0 |
| 008 - DATOS DE LONGITUD FIJA--INFORMACIÓN GENERAL | |
| campo de control de longitud fija | 130621s2011 mx a |||| | spa d |
| 080 ## - NÚMERO DE LA CLASIFICACIÓN DECIMAL UNIVERSAL | |
| Número de la Clasificación Decimal Universal | 978-607-00-4876-0 |
| 100 1# - ENTRADA PRINCIPAL--NOMBRE DE PERSONA | |
| Nombre de persona | Jiménez Mier y Terán, Fernando. |
| 9 (RLIN) | 141924 |
| 245 11 - MENCIÓN DEL TÍTULO | |
| Título | ¡Viva la imprenta! |
| Resto del título | : orígenes de la educación Freinet en España : "Libro de vida" / |
| Mención de responsabilidad, etc. | Fernando Jiménez Mier y Terán. |
| 250 ## - MENCION DE EDICION | |
| Mención de edición | 1ª ed. |
| 260 ## - PUBLICACIÓN, DISTRIBUCIÓN, ETC. | |
| Lugar de publicación, distribución, etc. | México : |
| Nombre del editor, distribuidor, etc. | Tanteo, |
| Fecha de publicación, distribución, etc. | 2011. |
| 300 ## - DESCRIPCIÓN FÍSICA | |
| Extensión | 358 p. : |
| Otras características físicas | il. ; |
| Dimensiones | 21 cm. |
| 490 1# - MENCIÓN DE SERIE | |
| Mención de serie | Maestros de a pie y cosas de niños |
| 600 04 - PUNTO DE ACCESO ADICIONAL DE MATERIA--NOMBRE DE PERSONA | |
| Nombre de persona | Freinet, Célestin. |
| 9 (RLIN) | 52452 |
| 650 #4 - PUNTO DE ACCESO ADICIONAL DE MATERIA--TÉRMINO DE MATERIA | |
| Término de materia o nombre geográfico como elemento de entrada | Método Freinet. |
| 9 (RLIN) | 152988 |
| 650 #7 - PUNTO DE ACCESO ADICIONAL DE MATERIA--TÉRMINO DE MATERIA | |
| Término de materia o nombre geográfico como elemento de entrada | Enseñanza- |
| Subdivisión geográfica | España- |
| Subdivisión cronológica | S.XX |
| Fuente del encabezamiento o término | |
| 9 (RLIN) | 139558 |
| 830 0# - PUNTO DE ACCESO ADICIONAL DE SERIE-TÍTULO UNIFORME | |
| Título uniforme | Maestros de a pie y cosas de niños |
| 9 (RLIN) | 224806 |
| 852 ## - LOCALIZACIÓN | |
| Ubicación | ES-MaACL |
| Número de control de estantería | A-12765 |
| itemnumber | 189097 |
| Sublocalización o colección | R.148882 |
| Ubicación en estantería | Depósito 1 |
| Signatura antigua | Olim: N-5765 |
| Encuadernación | Donación: Fernando Jiménez Mier y Terán |
| 903 ## - NOMBRE PERSONAL DE DONANTE | |
| 9 | 141924 |
| a | Jiménez Mier y Terán, Fernando |
| e | Donante |
| 942 ## - ELEMENTOS DE ENTRADA SECUNDARIOS (KOHA) | |
| Fuente del sistema de clasificación o colocación | Clasificación decimal universal |
| Tipo de ítem Koha | Libro impreso |
| Estatus retirado | Estado de pérdida | Fuente del sistema de clasificación o colocación | Estado de daño | No para préstamo | Biblioteca de origen | Biblioteca actual | Ubicación en estantería | Fecha de adquisición | Fuente de adquisición | Total de préstamos | Signatura topográfica completa | Código de barras | Visto por última vez | Precio de reemplazo | Tipo de ítem Koha |
|---|---|---|---|---|---|---|---|---|---|---|---|---|---|---|---|
| Clasificación decimal universal | Biblioteca del Ateneo de Madrid | Biblioteca del Ateneo de Madrid | Depósito 1 | 24/06/2013 | Donación | A-12765 | 1191460 | 23/02/2023 | 23/02/2023 | Libro impreso |
